000 00838nam a2200217Ia 4500
003 OSt
005 20251111111756.0
008 210210b2016 xxu||||| |||| 00| 0 eng d
040 _cAL
041 _aKannada
082 _aK894.4 ARUM
100 _aARUNDHATI RAY
_dಅರುಂಧತಿ ರಾಯ್
_9244982
245 _aMidategalige kiviyoddi
_bಮಿಡತೆಗಳಿಗೆ ಕಿವಿಯೊಡ್ಡಿ
260 _aBengaluru
_b-
_c2016
300 _axx,326
650 _aಮಿಡತೆಗಳಿಗೆ ಕಿವಿಯೊಡ್ಡಿ – ಅರುಂಧತಿ ರಾಯ್ ಅನುವಾದಿತ ಲೇಖನ ಸಂಗ್ರಹ – ಸಂಪಾದನೆ (2016)
_9244983
690 _aKannada Prose
_9244984
700 _aH S Anupama
_dಎಚ್.ಎಸ್.ಅನುಪಮಾ tr
_9244985
906 _a071303
942 _2ddc
_cBK
999 _c120642
_d120642